000 00617nam a2200181Ia 4500
008 190422s9999 xx 000 0 und d
100 _aOshri, Ilan
245 _aExploring the effects of familiarity and advisory services on innovation outcomes in outsourcing settings /
245 _cIlan Oshri, Daria Arkhipova and Giovanni Vaia.--
260 _bAssociation for Information Technology Trust
260 _c2018
300 _apages 203-215, September 2018
440 _aJournal of Information Technology
_v33(3)
650 _aAdvisory
650 _aFamiliarity
650 _aInnovation
650 _aServices
999 _c361455
_d361455